| 000 | 00694nam a2200217Ia 4500 | ||
|---|---|---|---|
| 005 | 20260429111958.0 | ||
| 008 | 260429s9999||||xx |||||||||||||| ||und|| | ||
| 020 | _a9783161628252 | ||
| 041 | _aEnglish | ||
| 082 |
_a341.48 _bGRO |
||
| 100 | _aGrohmann, Nils-Hendrik | ||
| 245 | 0 |
_aStrengthening the UN human rights treaty bodies : _ban analysis of the committees' legal powers and possibilities for reform / _cNils-Hendrik Grohmann |
|
| 260 |
_aGermany : _bMohr Siebeck, _c2024. |
||
| 300 | _axv, 315 p.; pbk | ||
| 440 | _aInternational and european law; 202 | ||
| 650 | _a Human rights | ||
| 650 | _a International law | ||
| 650 | _a United Nations | ||
| 650 | _aLaw | ||
| 942 | _cTB | ||
| 999 |
_c51720 _d51720 |
||